|
|
|
|
| LEADER |
00971nam a22002417a 4500 |
| 001 |
AAL4402 |
| 003 |
BD-DhAAL |
| 005 |
20160313184311.0 |
| 008 |
160313s 2003bg a|||| |||| 00| 0 ben d |
| 020 |
|
|
|a 9848336346
|
| 040 |
|
|
|a BD-DhAAL
|c BD-DhAAL
|
| 082 |
|
|
|a 636.089/51351
|
| 100 |
|
|
|a অপু, অনীশ দাস
|9 18475
|
| 245 |
|
|
|a বিচিত্র প্রানীর অজানা কথা /
|c অনীশ দাস অপু
|
| 250 |
|
|
|a 1st ed.
|
| 264 |
|
|
|6 ঢাকা :
|8 হিমি বুকস এন্ড বুকস,
|a ২০০৩
|
| 300 |
|
|
|a ২০৮ পৃ. :
|b চিত্র ;
|c ২২ সে.মি.
|
| 541 |
|
|
|e 4402
|
| 650 |
|
|
|a Veterinary prescriptions.
|9 18476
|
| 852 |
|
|
|a Savar Campus Library
|c General Shelf
|
| 942 |
|
|
|2 ddc
|c BK
|
| 999 |
|
|
|c 37097
|d 37097
|
| 952 |
|
|
|0 0
|1 0
|2 ddc
|4 0
|6 636_089000000000000_51351_APU
|7 0
|9 58354
|a SCL
|b SCL
|c GEN
|d 2016-03-13
|g 200.00
|l 0
|o 636.08951351 APU
|p 3020004402
|r 2016-03-13
|t 1
|w 2016-03-13
|y BK
|